=LDR 00000nam 2200000 4500 =001 INLIS000000000010109 =005 20130612101832 =008 ***********************************Ind** =035 ##$$0010-061300000010109 =041 ##$$a Ind =082 ##$$a 028.55 =090 ##$$a 028.55, Tha a =100 ##$$a Thahir, Sumarti M =245 ##$$a Aku suka membaca, Sumarti M. Thahir =260 ##$$a 2002 $b Jakarta =300 ##$$a ...jil, ilus, 27 hlm =650 ##$$a Bacaan anak-anak =850 ##$$a NBPNMAT